| 000 | 00609 a2200145 4500 | ||
|---|---|---|---|
| 005 | 20250515134209.0 | ||
| 020 | _a0-7517-1723-1 | ||
| 082 | _aLECT 336. 27 AAT | ||
| 111 | _aAAT | ||
| 245 | _aTeaching Unit 19: Preparing personal Taxation Computations (FA 2004), For exams in June 2005 and December 2005. | ||
| 260 |
_aLondon, _bBPP Proffessional Education, _c2004. |
||
| 300 |
_axxii, 392p.: ill.; figure, picture, _bindex, _c30cm. |
||
| 856 |
_yAccess online Book. _fTeaching Unit 19: Preparing personal Taxation Computations (FA 2004), For exams in June 2005 and December 2005. _dwww.bpp.com |
||
| 942 |
_2ddc _cBKS |
||
| 999 |
_c2315 _d2315 |
||